000 00412nam a2200157Ia 4500
008 230917s9999||||xx |||||||||||||| ||und||
040 _e178969
_aMAIN
041 _aEnglish
082 _a658.4092 H874L(6)
100 _aHughes, Richard L
245 0 _aLeadership : Enhancing the lessons of experience
250 _a6th ed.
260 _aNew Delhi
_bTata McGraw-Hill
_c2010
300 _a591 p.
942 _cBK
999 _c164049
_d164049